000 00336nam a2200133Ia 4500
008 191201s2008 xx 000 0 und d
100 _aDeswal, S
245 0 _aIntroduction to Environmental Science
250 _a2nd
260 _c2008
_bDhanpat Rai Pubns (P) Ltd
_aN.Delhi
300 _amisc.
650 _aAPPLIED
942 _2ddc
_cBB
_04
999 _c7261
_d7261